[Event "4NCL Division 2d"]
[Site "Birmingham, ENG"]
[Date "2016.05.02"]
[Round "11.31"]
[White "Habershon, Paul F"]
[Black "Booth, Richard"]
[Result "1-0"]
[WhiteElo "2036"]
[BlackElo "2005"]
[PlyCount "63"]
[EventDate "2016.05.02"]
[WhiteTeam "MK Phoenix 1"]
[BlackTeam "Hackney 1"]

1. e4 e5 2. Nf3 Nc6 3. d4 exd4 4. Nxd4 Nf6 5. Nxc6 bxc6 6. e5 Qe7 7. Qe2 Nd5 8.
c4 Ba6 9. Nd2 g5 10. Qe4 Nf4 11. b3 Bg7 12. Bb2 Ng6 13. O-O-O Bxe5 14. Bd3
O-O-O 15. Rhe1 Bxb2+ 16. Kxb2 Qf6+ 17. Kb1 Nf4 18. Bf1 Qg6 19. g3 Rhe8 20. Qxg6
Nxg6 21. Ne4 h6 22. Bh3 Ne5 23. Nf6 Re7 24. Re3 Kb8 25. Rde1 d6 26. f4 gxf4 27.
gxf4 Bc8 28. Bxc8 Kxc8 29. fxe5 Rxe5 30. Rxe5 dxe5 31. Rxe5 Rd2 32. Rh5 1-0

[Event "4NCL Division 2d"]
[Site "Birmingham, ENG"]
[Date "2016.05.02"]
[Round "11.32"]
[White "Salumets, Maris"]
[Black "Elwin, Adrian G"]
[Result "1/2-1/2"]
[WhiteElo "1082"]
[BlackElo "1996"]
[PlyCount "87"]
[EventDate "2016.05.02"]
[WhiteTeam "Hackney 1"]
[BlackTeam "MK Phoenix 1"]

1. d4 Nf6 2. Nf3 g6 3. c4 Bg7 4. Nc3 O-O 5. Bg5 h6 6. Bh4 d6 7. e3 c6 8. Be2
Nbd7 9. O-O Nh7 10. b4 f5 11. Bg3 e5 12. c5 f4 13. exf4 exf4 14. cxd6 fxg3 15.
fxg3 g5 16. Qb3+ Kh8 17. Ne4 Qe8 18. Bd3 Nhf6 19. Rae1 Qf7 20. Bc4 Qg6 21. Nxf6
Rxf6 22. Re7 Rf8 23. Bf7 Qxd6 24. Qe3 Nb6 25. Re8 Bg4 26. Rxf8+ Rxf8 27. Ne5
Bxe5 28. dxe5 Qe7 29. e6 Nd5 30. Qd4+ Kh7 31. Qxg4 Kg7 32. Qh5 Nf6 33. Qg6+ Kh8
34. Qxh6+ Nh7 35. Rf5 Qxb4 36. h3 Qb1+ 37. Rf1 Qb5 38. e7 Qxf1+ 39. Kxf1 Rxf7+
40. Kg1 Rxe7 41. h4 gxh4 42. gxh4 Kg8 43. Qg6+ Kf8 44. Qf5+ 1/2-1/2

[Event "4NCL 3 North pool A"]
[Site "Wakefield, ENG ENG"]
[Date "2015.11.14"]
[Round "1.55"]
[White "Wallace, Paul"]
[Black "Bentley, John L"]
[Result "1/2-1/2"]
[WhiteElo "2221"]
[BlackElo "2161"]
[PlyCount "56"]
[EventDate "2015.11.14"]
[WhiteTeam "Cheddleton 2"]
[BlackTeam "3Cs 2"]

1. e4 c5 2. Nf3 Nc6 3. Nc3 g6 4. d4 cxd4 5. Nxd4 Bg7 6. Be3 Nf6 7. Nxc6 bxc6 8.
e5 Nd5 9. Nxd5 cxd5 10. Qxd5 Rb8 11. Bc4 e6 12. Qc5 Bb7 13. O-O Rc8 14. Qd4 Qc7
15. Bb5 O-O 16. Bf4 Bxg2 17. Kxg2 Qb7+ 18. Kg1 Qxb5 19. a4 Qb7 20. c4 f6 21.
Rfe1 fxe5 22. Bxe5 Rf5 23. Bxg7 Rg5+ 24. Kf1 Qg2+ 25. Ke2 Rg4 26. Qxd7 Qe4+ 27.
Kd2 Qf4+ 28. Kc2 Rc7 1/2-1/2

[Event "4NCL 3 North pool A"]
[Site "Wakefield, ENG ENG"]
[Date "2015.11.14"]
[Round "1.56"]
[White "Lau, Jason"]
[Black "Richardson, Alex"]
[Result "0-1"]
[WhiteElo "2080"]
[BlackElo "2123"]
[PlyCount "106"]
[EventDate "2015.11.14"]
[WhiteTeam "3Cs 2"]
[BlackTeam "Cheddleton 2"]

1. e4 c5 2. Nf3 a6 3. c3 e6 4. d4 d5 5. exd5 exd5 6. Be2 Nc6 7. O-O c4 8. b3
cxb3 9. axb3 Nf6 10. Nbd2 Bd6 11. Bb2 O-O 12. c4 Re8 13. Re1 h6 14. Nf1 Bb4 15.
N1d2 Bf5 16. Rf1 Bd6 17. Nb1 Qe7 18. Nc3 Rad8 19. Bd3 Bg4 20. Be2 Bb4 21. Re1
dxc4 22. bxc4 Bxf3 23. Bxf3 Qxe1+ 24. Qxe1 Rxe1+ 25. Rxe1 Rxd4 26. Be2 Rd2 27.
Ba1 Nd4 28. Bf1 Nc2 29. Rb1 Bc5 30. Nd1 Nxa1 31. Rxa1 Ng4 32. Rb1 b6 33. Nc3
Nxf2 34. Nd5 Rd1 35. Rxd1 Nxd1+ 36. Kh1 Nf2+ 37. Kg1 Ne4+ 38. Kh1 a5 39. Nc7 a4
40. Nb5 a3 41. Nxa3 Bxa3 42. g3 Kf8 43. Kg2 Ke7 44. Bd3 Nc5 45. Bc2 Kd6 46. Kf3
Ke5 47. Bd1 Bc1 48. Be2 f5 49. g4 f4 50. h4 g5 51. hxg5 hxg5 52. Bf1 Kd4 53.
Be2 Nd7 0-1

[Event "4NCL 3 North pool A"]
[Site "Wakefield, ENG ENG"]
[Date "2015.11.14"]
[Round "1.57"]
[White "Edwards, Simon R"]
[Black "Adams, Philip"]
[Result "1/2-1/2"]
[WhiteElo "2020"]
[BlackElo "2050"]
[PlyCount "52"]
[EventDate "2015.11.14"]
[WhiteTeam "Cheddleton 2"]
[BlackTeam "3Cs 2"]

1. e4 c5 2. Nf3 d6 3. d4 cxd4 4. Nxd4 Nf6 5. Nc3 Nc6 6. Bg5 e6 7. f4 h6 8. Bh4
Be7 9. Bf2 a6 10. Be2 Qc7 11. Qd2 Bd7 12. O-O-O Rc8 13. g4 Nxd4 14. Bxd4 e5 15.
Be3 b5 16. g5 hxg5 17. fxg5 b4 18. gxf6 bxc3 19. Qxc3 Qxc3 20. bxc3 gxf6 21.
Bxa6 Rxc3 22. Rd3 Rxd3 23. cxd3 Rh3 24. Kd2 d5 25. Bf2 Bb4+ 26. Kc2 Ba4+
1/2-1/2

[Event "4NCL 3 North pool A"]
[Site "Wakefield, ENG ENG"]
[Date "2015.11.14"]
[Round "1.58"]
[White "Rita, Joao"]
[Black "Davison, Colin F S"]
[Result "1-0"]
[WhiteElo "2042"]
[BlackElo "2004"]
[PlyCount "79"]
[EventDate "2015.11.14"]
[WhiteTeam "3Cs 2"]
[BlackTeam "Cheddleton 2"]

1. e4 e6 2. d3 d5 3. Nd2 c5 4. Ngf3 Nc6 5. g3 Nf6 6. Bg2 Be7 7. O-O O-O 8. Re1
b6 9. e5 Nd7 10. Nf1 Bb7 11. h4 Re8 12. N1h2 f6 13. exf6 Bxf6 14. Ng5 Nf8 15.
Ng4 h6 16. Nh3 Nd4 17. Nf4 Kh7 18. c3 Nc6 19. Qf3 d4 20. Nh5 Nd7 21. Qf4 dxc3
22. Be4+ Kg8 23. Nhxf6+ Nxf6 24. Nxh6+ Kf8 25. bxc3 Qb8 26. Qg5 Nd8 27. Bg6 Qc7
28. Rf1 Re7 29. Bf4 e5 30. Bd2 Ne6 31. Qf5 Bc8 32. Qf3 Bb7 33. Be4 Ke8 34. Ng4
Nxg4 35. Qxg4 Bxe4 36. dxe4 Rd8 37. Rad1 Qc8 38. Qh5+ Kf8 39. Qxe5 Nd4 40. Qh5
1-0

[Event "4NCL 3 North pool A"]
[Site "Wakefield, ENG ENG"]
[Date "2015.11.14"]
[Round "1.59"]
[White "Jamieson, Ian"]
[Black "Burke, Mitchell R"]
[Result "1/2-1/2"]
[WhiteElo "1943"]
[BlackElo "2012"]
[PlyCount "46"]
[EventDate "2015.11.14"]
[WhiteTeam "Cheddleton 2"]
[BlackTeam "3Cs 2"]

1. b3 e5 2. Bb2 d6 3. d4 exd4 4. Qxd4 Nc6 5. Qd2 Nf6 6. Nc3 Be7 7. Nf3 Bf5 8.
e3 O-O 9. Be2 Qd7 10. O-O-O a6 11. h3 b5 12. g4 Bg6 13. g5 Ne4 14. Nxe4 Bxe4
15. Qc3 f6 16. Rhg1 Qe8 17. Nd4 Nxd4 18. Qxd4 Bg6 19. Bf3 Rd8 20. h4 c5 21.
Qd5+ Kh8 22. Rg3 fxg5 23. hxg5 Qf7 1/2-1/2

[Event "4NCL 3 North pool A"]
[Site "Wakefield, ENG ENG"]
[Date "2015.11.14"]
[Round "1.60"]
[White "McLean, Robert"]
[Black "Sizeland, Chris M"]
[Result "1-0"]
[WhiteElo "1847"]
[BlackElo "1937"]
[PlyCount "91"]
[EventDate "2015.11.14"]
[WhiteTeam "3Cs 2"]
[BlackTeam "Cheddleton 2"]

1. e4 c5 2. Ne2 a6 3. g3 b5 4. Bg2 Bb7 5. O-O d6 6. d3 Nd7 7. f4 Ngf6 8. h3 h5
9. Be3 Qc7 10. Nd2 e6 11. c3 Nb8 12. d4 c4 13. Qc2 Bc6 14. a4 Qb7 15. axb5 axb5
16. b3 d5 17. e5 Nfd7 18. Rxa8 Qxa8 19. f5 Qa7 20. fxe6 Nxe5 21. exf7+ Nxf7 22.
Qg6 Qe7 23. Bg5 Qxg5 24. Qxf7+ Kd8 25. Nf4 Qe7 26. Ne6+ Kc8 27. Nxf8 Qe3+ 28.
Qf2 Qxc3 29. Qf4 Rh6 30. Qf5+ Kb7 31. Qf7+ Kb6 32. Qf4 Na6 33. bxc4 Rf6 34. c5+
Nxc5 35. Qb8+ Nb7 36. Rxf6 gxf6 37. Nf3 b4 38. Ne6 b3 39. Qc7+ Kb5 40. Bf1+ Ka4
41. Nc5+ Ka3 42. Qxc6 Qxf3 43. Qa4+ Kb2 44. Nd3+ Kc3 45. Qc6+ Kxd4 46. Qb6+ 1-0

[Event "4NCL 3 North pool A"]
[Site "Wakefield, ENG ENG"]
[Date "2015.11.14"]
[Round "1.65"]
[White "Hilton, Tim"]
[Black "Turner, John M"]
[Result "1/2-1/2"]
[WhiteElo "1960"]
[BlackElo "2035"]
[PlyCount "54"]
[EventDate "2015.11.14"]
[WhiteTeam "Manchester Manticores 3"]
[BlackTeam "Holmes Chapel"]

1. e4 c5 2. Nf3 e6 3. d3 g6 4. g3 Bg7 5. Bg2 d6 6. O-O Nc6 7. c3 Nge7 8. Na3
O-O 9. Nc2 Rb8 10. d4 b6 11. Qe2 Re8 12. e5 cxd4 13. cxd4 dxe5 14. dxe5 Qc7 15.
Re1 Nd5 16. a3 Bb7 17. Ncd4 Nxd4 18. Nxd4 a6 19. Bg5 h6 20. Bd2 Rbc8 21. h4 h5
22. Rac1 Qd7 23. Nf3 Rxc1 24. Rxc1 Rc8 25. Rxc8+ Qxc8 26. Bg5 Qc7 27. Bh3 Ne7
1/2-1/2

[Event "4NCL 3 North pool A"]
[Site "Wakefield, ENG ENG"]
[Date "2015.11.14"]
[Round "1.66"]
[White "Bennett, Patrick"]
[Black "Altham, John T"]
[Result "1-0"]
[WhiteElo "2016"]
[BlackElo "1848"]
[PlyCount "103"]
[EventDate "2015.11.14"]
[WhiteTeam "Holmes Chapel"]
[BlackTeam "Manchester Manticores 3"]

1. d4 Nf6 2. c4 e6 3. Nf3 d5 4. Nc3 Be7 5. g3 O-O 6. Bg2 c6 7. O-O Nbd7 8. b3
b6 9. Qc2 Bb7 10. Bb2 Rc8 11. Rad1 c5 12. e4 Nxe4 13. Nxe4 dxe4 14. Ne5 Nxe5
15. dxe5 Qc7 16. Bxe4 Bxe4 17. Qxe4 Rcd8 18. Qg4 Rxd1 19. Rxd1 Rd8 20. h4 Rxd1+
21. Qxd1 Qd8 22. Qxd8+ Bxd8 23. Kg2 Kf8 24. Kf3 Ke8 25. Kg4 Kf8 26. h5 f5+ 27.
exf6 gxf6 28. f4 f5+ 29. Kf3 Bc7 30. g4 fxg4+ 31. Kxg4 Kf7 32. Kf3 a6 33. a4
Ke7 34. Ke4 Kd7 35. Bc1 Kc6 36. f5 exf5+ 37. Kxf5 Kd7 38. Kf6 Bd6 39. Kg7 Ke6
40. Kxh7 Kf7 41. Kh6 Be7 42. Bf4 Bd8 43. Bg3 Be7 44. Bc7 Kf6 45. Bxb6 Bf8+ 46.
Kh7 Kf7 47. Ba5 Bd6 48. Bd2 Bf8 49. Bf4 Bg7 50. Bd6 Bd4 51. b4 cxb4 52. Bxb4
1-0

[Event "4NCL 3 North pool A"]
[Site "Wakefield, ENG ENG"]
[Date "2015.11.14"]
[Round "1.67"]
[White "Green, Tom D A"]
[Black "Doran, Chris"]
[Result "1/2-1/2"]
[WhiteElo "1825"]
[BlackElo "2019"]
[PlyCount "32"]
[EventDate "2015.11.14"]
[WhiteTeam "Manchester Manticores 3"]
[BlackTeam "Holmes Chapel"]

1. e4 c5 2. Nc3 Nc6 3. f4 g6 4. Nf3 Bg7 5. Bc4 e6 6. f5 Nge7 7. O-O d5 8. Bb5
dxe4 9. f6 exf3 10. Qxf3 Qd4+ 11. Kh1 Qxf6 12. Qxf6 Bxf6 13. Rxf6 Nf5 14. Bxc6+
bxc6 15. Ne4 c4 16. b3 Ba6 1/2-1/2

[Event "4NCL 3 North pool A"]
[Site "Wakefield, ENG ENG"]
[Date "2015.11.14"]
[Round "1.68"]
[White "Laurence, Geoff"]
[Black "Livesey, R Nigel"]
[Result "1-0"]
[WhiteElo "2008"]
[BlackElo "1788"]
[PlyCount "59"]
[EventDate "2015.11.14"]
[WhiteTeam "Holmes Chapel"]
[BlackTeam "Manchester Manticores 3"]

1. d4 e6 2. Nf3 f5 3. c4 Nf6 4. Nc3 d5 5. Bf4 c6 6. e3 Be7 7. cxd5 exd5 8. Ne5
O-O 9. h3 Ne4 10. Bd3 Qa5 11. Bxe4 fxe4 12. Qb3 Qb6 13. Qc2 Nd7 14. O-O Nf6 15.
Rac1 Be6 16. a3 Nd7 17. b4 Nxe5 18. Bxe5 Qd8 19. Qb3 b5 20. Nxe4 Qd7 21. Ng3
Bxh3 22. gxh3 Rf3 23. Kg2 Raf8 24. Qd1 h5 25. Bf4 h4 26. Qxf3 g5 27. Ne2 Bd6
28. Qg4 Qxg4+ 29. hxg4 gxf4 30. Nxf4 1-0

[Event "4NCL 3 North pool A"]
[Site "Wakefield, ENG ENG"]
[Date "2015.11.14"]
[Round "1.69"]
[White "Green, Fiona"]
[Black "Pearson, Raymond"]
[Result "0-1"]
[WhiteElo "1788"]
[BlackElo "1908"]
[PlyCount "74"]
[EventDate "2015.11.14"]
[WhiteTeam "Manchester Manticores 3"]
[BlackTeam "Holmes Chapel"]

1. d4 Nf6 2. Bg5 Ne4 3. Bf4 c5 4. f3 Qa5+ 5. c3 Nf6 6. d5 Qb6 7. e4 Qxb2 8. Nd2
Qxc3 9. Bc4 g6 10. Ne2 Qa5 11. O-O b5 12. Bxb5 Nh5 13. Be5 f6 14. Bxb8 Rxb8 15.
Bc4 Bh6 16. Nb3 Qa4 17. Qc2 Rb4 18. Bd3 c4 19. Nbc1 Qa6 20. f4 cxd3 21. Nxd3
Rc4 22. Qd2 Rxe4 23. g4 Qb6+ 24. Kg2 Qe3 25. Qxe3 Rxe3 26. Nec1 Ba6 27. Rf3
Rxf3 28. Kxf3 Ng7 29. h4 g5 30. hxg5 fxg5 31. f5 e6 32. Nb4 Bb7 33. f6 O-O 34.
Ncd3 Rxf6+ 35. Kg3 a5 36. Nc2 Bxd5 37. Nd4 d6 0-1

[Event "4NCL 3 North pool A"]
[Site "Wakefield, ENG ENG"]
[Date "2015.11.14"]
[Round "1.70"]
[White "Roberts, Malcolm A"]
[Black "Norris, Michael J"]
[Result "0-1"]
[WhiteElo "1769"]
[BlackElo "1728"]
[PlyCount "84"]
[EventDate "2015.11.14"]
[WhiteTeam "Holmes Chapel"]
[BlackTeam "Manchester Manticores 3"]

1. e4 e5 2. Nf3 Nf6 3. Nc3 Bb4 4. d3 d5 5. exd5 Nxd5 6. Bd2 Nxc3 7. bxc3 Bd6 8.
Be2 O-O 9. O-O c5 10. Ng5 Nc6 11. Ne4 Be7 12. Bf3 f5 13. Ng3 Qc7 14. Bd5+ Kh8
15. c4 Bd7 16. Rb1 Rae8 17. Bc3 b6 18. Bd2 Bf6 19. Nh5 Bd8 20. Ng3 Bf6 21. c3
g6 22. Qc1 Ne7 23. Bh6 Bg7 24. Bxg7+ Kxg7 25. Bf3 Bc6 26. Bxc6 Nxc6 27. Qg5 Qe7
28. Qd2 Rd8 29. Qe2 Rd6 30. Rbd1 Rfd8 31. Qf3 Qd7 32. Rfe1 e4 33. Qf4 Rxd3 34.
Rxd3 exd3 35. Nf1 Qd6 36. Qe3 Qf6 37. Qd2 Ne5 38. Ne3 Qg5 39. Qd1 d2 40. Re2 f4
41. h4 Nf3+ 42. Kf1 Qxh4 0-1

[Event "4NCL 3 North pool A"]
[Site "Wakefield, ENG ENG"]
[Date "2015.11.14"]
[Round "1.75"]
[White "Watson, Phil R"]
[Black "White, Mark W"]
[Result "1/2-1/2"]
[WhiteElo "2158"]
[BlackElo "2079"]
[PlyCount "133"]
[EventDate "2015.11.14"]
[WhiteTeam "Bradford DCA Knights A"]
[BlackTeam "Jorvik"]

1. d4 Nf6 2. c4 c5 3. d5 b5 4. cxb5 a6 5. bxa6 Bxa6 6. Nc3 g6 7. e4 Bxf1 8.
Kxf1 d6 9. Nf3 Bg7 10. h3 O-O 11. Kg1 Qa5 12. Kh2 Nbd7 13. Re1 Rfb8 14. Re2 h6
15. Rc2 Ne8 16. Bd2 Nc7 17. a4 Qa6 18. Qc1 Kh7 19. Ra3 Nb6 20. Nd1 Qf1 21. a5
Nd7 22. Be3 Rb4 23. Nd2 Qa6 24. Nc3 Ne5 25. Na2 Rb5 26. f4 Rxa5 27. fxe5 Bxe5+
28. Kh1 Rxa3 29. bxa3 Qd3 30. Nc4 Qxe4 31. Nxe5 Qxe5 32. Bxh6 Nxd5 33. Nc3 Nxc3
34. Rxc3 Ra4 35. Rf3 f5 36. Bd2 Qd5 37. Qc2 Rc4 38. Qb3 Rd4 39. Bg5 c4 40. Qb8
Rd1+ 41. Kh2 Qe5+ 42. Bf4 Qd4 43. Qf8 Qg1+ 44. Kg3 Qe1+ 45. Rf2 Rd3+ 46. Kh2
Qxf2 47. Qh6+ Kg8 48. Qxg6+ Kh8 49. Qe8+ Kg7 50. Qxe7+ Kg6 51. Qg5+ Kf7 52.
Qxf5+ Kg8 53. Qe6+ Kg7 54. Qxc4 Qd4 55. Qxd4+ Rxd4 56. Kg3 Rd3+ 57. Kg4 Rxa3
58. Bxd6 Ra5 59. Bf4 Kg6 60. Kf3 Ra3+ 61. Be3 Kh5 62. Kf4 Ra4+ 63. Kf5 Ra5+ 64.
Kf6 Ra6+ 65. Kf7 Ra3 66. Bd4 Rxh3 67. gxh3 1/2-1/2

[Event "4NCL 3 North pool A"]
[Site "Wakefield, ENG ENG"]
[Date "2015.11.14"]
[Round "1.76"]
[White "Cowan, Richard M"]
[Black "Crowther, Mark D"]
[Result "0-1"]
[WhiteElo "1896"]
[BlackElo "2140"]
[PlyCount "110"]
[EventDate "2015.11.14"]
[WhiteTeam "Jorvik"]
[BlackTeam "Bradford DCA Knights A"]

1. e4 e6 2. d4 d5 3. e5 c5 4. c3 Nc6 5. Nf3 Qb6 6. a3 Nh6 7. b4 cxd4 8. cxd4
Nf5 9. Bb2 Be7 10. Qd3 Bd7 11. Be2 f6 12. Nbd2 fxe5 13. dxe5 O-O 14. O-O a6 15.
Nb3 Rae8 16. Rac1 Nh4 17. Nxh4 Bxh4 18. g3 Be7 19. Kg2 Qd8 20. Bg4 Qb8 21. f4
Kh8 22. Rce1 Rd8 23. h4 Rfe8 24. h5 Bf8 25. Bd1 Ne7 26. Bc2 g6 27. hxg6 hxg6
28. Rh1+ Kg8 29. Nd4 Bg7 30. Qf3 Nf5 31. Bxf5 gxf5 32. Qh5 Bc8 33. Qg6 Qc7 34.
Rc1 Qf7 35. Qh7+ Kf8 36. Nf3 Qg8 37. Qh5 Qf7 38. Qh4 d4 39. Nxd4 b6 40. Rhd1
Bb7+ 41. Kg1 Rc8 42. a4 Rxc1 43. Rxc1 Qd7 44. b5 axb5 45. axb5 Qd5 46. Nc6 Qd3
47. Qh2 Kg8 48. Nd4 Qe4 49. Nc6 Qd3 50. Nd4 Bf8 51. Qh4 Re7 52. Rc2 Rh7 53.
Qg5+ Rg7 54. Qf6 Rxg3+ 55. Kf2 Qe3+ 0-1

[Event "4NCL 3 North pool A"]
[Site "Wakefield, ENG ENG"]
[Date "2015.11.14"]
[Round "1.77"]
[White "Lang, Adam R"]
[Black "Nezis, Anastasios"]
[Result "1-0"]
[WhiteElo "2119"]
[BlackElo "1927"]
[PlyCount "63"]
[EventDate "2015.11.14"]
[WhiteTeam "Bradford DCA Knights A"]
[BlackTeam "Jorvik"]

1. e4 d6 2. d4 Nf6 3. Nc3 c6 4. a4 Qa5 5. Bd2 Qc7 6. Nf3 Bg4 7. Be2 Nbd7 8. O-O
e5 9. Be3 Be7 10. d5 O-O 11. a5 a6 12. Nd2 Bxe2 13. Qxe2 cxd5 14. exd5 Rac8 15.
Ra4 Nc5 16. Rc4 Qd7 17. Rd1 Qf5 18. Bxc5 Rxc5 19. Rxc5 dxc5 20. Nc4 Rd8 21.
Qxe5 Qxc2 22. h3 Re8 23. Qf4 Bd8 24. d6 Re4 25. Nxe4 Qxd1+ 26. Kh2 Nxe4 27.
Qxe4 Kf8 28. Qxh7 Ke8 29. Qg8+ Kd7 30. Qxf7+ Kc8 31. Qe6+ Kb8 32. Qe8 1-0

[Event "4NCL 3 North pool A"]
[Site "Wakefield, ENG ENG"]
[Date "2015.11.14"]
[Round "1.78"]
[White "Flint, Martina"]
[Black "Drabble, Andrew"]
[Result "1/2-1/2"]
[WhiteElo "1806"]
[BlackElo "2058"]
[PlyCount "35"]
[EventDate "2015.11.14"]
[WhiteTeam "Jorvik"]
[BlackTeam "Bradford DCA Knights A"]

1. f4 d5 2. g3 Nf6 3. Bg2 c6 4. Nf3 Bg4 5. O-O Nbd7 6. d3 Qc7 7. Nbd2 e5 8.
fxe5 Nxe5 9. Nxe5 Qxe5 10. Nf3 Qc7 11. c3 Bc5+ 12. Kh1 O-O 13. Bf4 Bd6 14. Qd2
Rfe8 15. Rae1 Rad8 16. Nd4 Qd7 17. Bg5 Be7 18. Qf4 1/2-1/2

[Event "4NCL 3 North pool A"]
[Site "Wakefield, ENG ENG"]
[Date "2015.11.14"]
[Round "1.79"]
[White "Allis, Richard"]
[Black "Anderson, Paul W"]
[Result "1-0"]
[WhiteElo "2093"]
[BlackElo "1822"]
[PlyCount "79"]
[EventDate "2015.11.14"]
[WhiteTeam "Bradford DCA Knights A"]
[BlackTeam "Jorvik"]

1. e4 e5 2. Nf3 Nf6 3. Nc3 Nc6 4. Bb5 d6 5. d4 exd4 6. Nxd4 Bd7 7. Bxc6 bxc6 8.
Bg5 Be7 9. Qd3 O-O 10. O-O Ng4 11. Bxe7 Qxe7 12. f4 Rab8 13. h3 Nf6 14. b3 Kh8
15. Rae1 Ng8 16. Nf3 f6 17. Ne2 f5 18. e5 d5 19. Ng3 Be6 20. Nd4 Nh6 21. Nxc6
Qc5+ 22. Nd4 Qb6 23. Qe3 Rbe8 24. Nxe6 Rxe6 25. Qxb6 axb6 26. Rd1 c6 27. Ne2
Rc8 28. Nd4 Re7 29. c3 g6 30. Rf2 Nf7 31. Rc2 Rd8 32. c4 c5 33. cxd5 Ra8 34.
Nb5 g5 35. d6 Rb7 36. Nc7 Rc8 37. Rcd2 gxf4 38. e6 Rbxc7 39. dxc7 Ne5 40. Rd8+
1-0

[Event "4NCL 3 North pool A"]
[Site "Wakefield, ENG ENG"]
[Date "2015.11.14"]
[Round "1.80"]
[White "Andrews, Norman G"]
[Black "Nicholson, Jim W R"]
[Result "0-1"]
[WhiteElo "1574"]
[BlackElo "2010"]
[PlyCount "82"]
[EventDate "2015.11.14"]
[WhiteTeam "Jorvik"]
[BlackTeam "Bradford DCA Knights A"]

1. e4 c6 2. d4 d5 3. exd5 cxd5 4. Bd3 Nc6 5. c3 Qc7 6. Nf3 Bg4 7. Nbd2 e6 8.
Qc2 Nf6 9. O-O Bd6 10. h3 Bh5 11. Re1 Rc8 12. a3 a5 13. Bb5 O-O 14. Bxc6 Qxc6
15. Ne5 Qc7 16. Ndf3 b5 17. Qe2 b4 18. cxb4 axb4 19. axb4 Bxb4 20. Bd2 Bxd2 21.
Qxd2 Ne4 22. Qe3 Qb7 23. Nd2 Nd6 24. g4 Bg6 25. Nxg6 hxg6 26. Qd3 Qxb2 27. Reb1
Qc3 28. Qe2 Qxd4 29. Nf3 Qf4 30. Kg2 Rc3 31. Rd1 Rfc8 32. Rd4 Ne4 33. Ra2 Qf6
34. Rd3 Rc1 35. Qe3 R1c2 36. Rxc2 Rxc2 37. Nd2 Nxd2 38. Rxd2 Rc3 39. Qe2 Qf4
40. Qd1 Qe4+ 41. Kg1 Rxh3 0-1

[Event "4NCL 3 North pool A"]
[Site "Wakefield, ENG ENG"]
[Date "2015.11.14"]
[Round "1.85"]
[White "Johnson, Michael D"]
[Black "Polaczek, Richard"]
[Result "1/2-1/2"]
[WhiteElo "2019"]
[BlackElo "2427"]
[PlyCount "129"]
[EventDate "2015.11.14"]
[WhiteTeam "Spirit of Atticus C"]
[BlackTeam "Broadland Bitterns"]

1. Nf3 Nf6 2. g3 d5 3. Bg2 c6 4. O-O Bg4 5. d4 e6 6. b3 Bd6 7. Bb2 Qe7 8. c4
O-O 9. Nc3 Nbd7 10. Nd2 e5 11. dxe5 Nxe5 12. cxd5 Nd3 13. Qc2 Nxb2 14. Qxb2
cxd5 15. Nf3 Rac8 16. Nd4 Ba3 17. Qd2 Bb4 18. Rfc1 Qc5 19. Na4 Bxd2 20. Rxc5
Rxc5 21. Nxc5 Bc3 22. Rd1 Rc8 23. b4 b6 24. Ncb3 Bxb4 25. Rc1 Rc4 26. e3 a5 27.
Bf1 Rxc1 28. Nxc1 Ne4 29. Nd3 Nc3 30. Bg2 Bd6 31. Nc1 Be6 32. f4 Nd1 33. f5 Bd7
34. Bxd5 Nxe3 35. Be4 Kf8 36. Kf2 Ng4+ 37. Kg2 Ke7 38. h3 Ne3+ 39. Kf3 Nc4 40.
Bd5 Ne5+ 41. Ke4 h5 42. Nce2 Kf6 43. Nf4 g6 44. fxg6 fxg6 45. Bb3 a4 46. Nd5+
Kg7 47. Bd1 Nc4 48. g4 h4 49. Be2 Nd2+ 50. Kd3 Bc5 51. Nc3 Bxd4 52. Kxd4 Be6
53. Nxa4 Bxa2 54. Nxb6 Nb3+ 55. Ke5 Nc5 56. g5 Ne6 57. Bc4 Bxc4 58. Nxc4 Nxg5
59. Kf4 Nf7 60. Kg4 g5 61. Nd6 Nxd6 62. Kxg5 Ne4+ 63. Kxh4 Nf2 64. Kg3 Nxh3 65.
Kxh3 1/2-1/2

[Event "4NCL 3 North pool A"]
[Site "Wakefield, ENG ENG"]
[Date "2015.11.14"]
[Round "1.86"]
[White "Moore, Gerald"]
[Black "Buckley, Colm"]
[Result "1-0"]
[WhiteElo "2112"]
[BlackElo "2012"]
[PlyCount "61"]
[EventDate "2015.11.14"]
[WhiteTeam "Broadland Bitterns"]
[BlackTeam "Spirit of Atticus C"]

1. Nf3 d5 2. g3 Nf6 3. Bg2 c5 4. O-O Nc6 5. d4 e6 6. c4 Be7 7. cxd5 exd5 8. Nc3
c4 9. Ne5 O-O 10. e4 Nxe5 11. dxe5 Nxe4 12. Nxd5 Bf5 13. Ne3 Qc8 14. Nxf5 Qxf5
15. Qd5 Nc5 16. Be3 Rfd8 17. Qxc4 Qxe5 18. Rad1 Rac8 19. Rd5 Qc7 20. Rfd1 b6
21. Bf4 Rxd5 22. Rxd5 b5 23. Qxb5 Qb6 24. Qxb6 axb6 25. b4 Na4 26. Bh3 Ra8 27.
Rd7 Bxb4 28. Bg2 Nc5 29. Rd4 Bc3 30. Rc4 Rxa2 31. Rxc3 1-0

[Event "4NCL 3 North pool A"]
[Site "Wakefield, ENG ENG"]
[Date "2015.11.14"]
[Round "1.87"]
[White "McDonagh, Michael"]
[Black "McEwan, Ken B"]
[Result "0-1"]
[WhiteElo "1930"]
[BlackElo "2065"]
[PlyCount "88"]
[EventDate "2015.11.14"]
[WhiteTeam "Spirit of Atticus C"]
[BlackTeam "Broadland Bitterns"]

1. c4 e5 2. g3 Nc6 3. Nc3 g6 4. Bg2 Bg7 5. e4 d6 6. Nge2 Nge7 7. d3 O-O 8. O-O
f5 9. Be3 fxe4 10. dxe4 Be6 11. Nd5 Qd7 12. Qd2 Rf7 13. Rac1 Raf8 14. f3 b6 15.
b4 Nd8 16. Bg5 Nc8 17. Qd3 c6 18. Ndc3 Bh3 19. Rcd1 Bxg2 20. Kxg2 Ne6 21. Be3
Qe7 22. Qd2 a6 23. Na4 c5 24. bxc5 dxc5 25. Nac3 Nd4 26. Nd5 Qe6 27. Nxd4 exd4
28. Bf4 b5 29. cxb5 axb5 30. Qa5 Ra7 31. Qxb5 Rxa2+ 32. Rd2 Nd6 33. Qxc5 Nxe4
34. fxe4 Rxf4 35. Rxa2 Qxe4+ 36. Kg1 Rxf1+ 37. Kxf1 Qb1+ 38. Kg2 Qxa2+ 39. Kh3
Qa8 40. Ne7+ Kh8 41. Nc8 Qa6 42. Nd6 Qf1+ 43. Kg4 h5+ 44. Kg5 Qf6# 0-1

[Event "4NCL 3 North pool A"]
[Site "Wakefield, ENG ENG"]
[Date "2015.11.14"]
[Round "1.88"]
[White "Hughes, Roy"]
[Black "Mort, Andrew J"]
[Result "1/2-1/2"]
[WhiteElo "2110"]
[BlackElo "1920"]
[PlyCount "38"]
[EventDate "2015.11.14"]
[WhiteTeam "Broadland Bitterns"]
[BlackTeam "Spirit of Atticus C"]

1. d4 d5 2. Bf4 e6 3. e3 Bd6 4. c3 Bxf4 5. exf4 Qd6 6. g3 Nf6 7. Bd3 c5 8. dxc5
Qxc5 9. Nd2 O-O 10. Ngf3 Nc6 11. O-O e5 12. Nxe5 Bh3 13. Nb3 Qb6 14. Re1 Nxe5
15. fxe5 Ng4 16. Qd2 Rae8 17. Nd4 Nxe5 18. Bf1 Bxf1 19. Kxf1 Nc4 1/2-1/2

[Event "4NCL 3 North pool A"]
[Site "Wakefield, ENG ENG"]
[Date "2015.11.14"]
[Round "1.90"]
[White "Badger, Paul"]
[Black "Emerton, Keith"]
[Result "1-0"]
[WhiteElo "1873"]
[BlackElo "1810"]
[PlyCount "111"]
[EventDate "2015.11.14"]
[WhiteTeam "Broadland Bitterns"]
[BlackTeam "Spirit of Atticus C"]

1. e4 g6 2. d4 Bg7 3. Nc3 d6 4. Bc4 Nf6 5. Qe2 O-O 6. Nf3 Nbd7 7. O-O c5 8. e5
dxe5 9. dxe5 Ne8 10. Re1 Nb6 11. Rd1 Qc7 12. Nd5 Nxd5 13. Bxd5 e6 14. Bc4 h6
15. Bf4 a6 16. a4 b6 17. Rd2 Bb7 18. Rad1 Bc6 19. b3 Qb7 20. Ne1 Nc7 21. Rd6 b5
22. axb5 axb5 23. Bd3 Ne8 24. Rxc6 Qxc6 25. Be4 Qa6 26. Bxa8 Qxa8 27. Qxb5 Qe4
28. Qc4 Qxc4 29. bxc4 Nc7 30. Nd3 Na6 31. Be3 Rc8 32. f4 Bf8 33. Rb1 Rc6 34. c3
Kg7 35. Kf2 Be7 36. Rb5 Bf8 37. Kf3 Be7 38. g4 Bf8 39. Rb7 Nc7 40. Ke4 Na6 41.
f5 g5 42. f6+ Kg8 43. Nb2 Nc7 44. Na4 Na6 45. Nb6 Rc7 46. Rxc7 Nxc7 47. Nd7 Na6
48. h3 Nc7 49. Nxf8 Kxf8 50. Bxc5+ Ke8 51. Kd4 Na6 52. Bb4 Nb8 53. Bd6 Nd7 54.
c5 Kd8 55. Kc4 Kc8 56. Kb5 1-0

[Event "4NCL 3 North pool A"]
[Site "Wakefield, ENG ENG"]
[Date "2016.02.13"]
[Round "5.55"]
[White "Wallace, Paul"]
[Black "Hilton, Tim"]
[Result "1-0"]
[WhiteElo "2226"]
[BlackElo "1960"]
[PlyCount "95"]
[EventDate "2016.02.13"]
[WhiteTeam "Cheddleton 2"]
[BlackTeam "Manchester Manticores 3"]

1. e4 e6 2. d4 d5 3. Nd2 Nc6 4. Ngf3 Nf6 5. e5 Nd7 6. Be2 f6 7. exf6 Qxf6 8.
Nf1 Bd6 9. Ne3 O-O 10. O-O Nb6 11. c4 dxc4 12. Nxc4 Nxc4 13. Bxc4 Kh8 14. Bb5
Bd7 15. Qe2 a6 16. Bxc6 Bxc6 17. Ne5 Bb5 18. Nd3 Qxd4 19. Rd1 Qh4 20. h3 Qf6
21. Be3 Rad8 22. Qc2 Qg6 23. Ne1 Qh5 24. Rd2 Bc6 25. Rad1 Qe5 26. g3 Qh5 27.
Kh2 Be7 28. Bf4 Rxd2 29. Qxd2 Rd8 30. Qxd8+ Bxd8 31. Rxd8+ Be8 32. Nf3 Kg8 33.
Kg2 Kf7 34. g4 Qb5 35. Ne5+ Kg8 36. b3 g5 37. a4 Qxb3 38. Rxe8+ Kg7 39. Re7+
Kf8 40. Rf7+ Kg8 41. Bg3 Qd5+ 42. Kh2 c5 43. Rd7 Qe4 44. Rc7 Qxa4 45. Rxb7 a5
46. Rc7 Qc2 47. Nd7 c4 48. Nf6+ 1-0